<?xml version="1.0" encoding="UTF-8"?>
<collection xmlns="http://www.loc.gov/MARC21/slim">
 <record>
  <leader>02612aam a22003498a 4500</leader>
  <controlfield tag="001">NCT_12220</controlfield>
  <controlfield tag="008">110415s2011                  ||||||viesd</controlfield>
  <datafield tag="999" ind1=" " ind2=" ">
   <subfield code="c">582</subfield>
   <subfield code="d">582</subfield>
  </datafield>
  <datafield tag="020" ind1=" " ind2=" ">
   <subfield code="c">44000</subfield>
  </datafield>
  <datafield tag="082" ind1="0" ind2="4">
   <subfield code="2">23rd ed.</subfield>
   <subfield code="a">346.075</subfield>
   <subfield code="b">Ngh300</subfield>
  </datafield>
  <datafield tag="100" ind1="1" ind2=" ">
   <subfield code="a">Lê Đình Nghị</subfield>
   <subfield code="e">Chủ biên</subfield>
  </datafield>
  <datafield tag="245" ind1="1" ind2="0">
   <subfield code="a">Giáo trình luật dân sự Việt Nam</subfield>
   <subfield code="n">Tập 2</subfield>
   <subfield code="c">Lê Đình Nghị (chủ biên)</subfield>
  </datafield>
  <datafield tag="250" ind1=" " ind2=" ">
   <subfield code="a">Tái bản lần thứ 2</subfield>
  </datafield>
  <datafield tag="260" ind1=" " ind2=" ">
   <subfield code="a">H.</subfield>
   <subfield code="b">Giáo dục</subfield>
   <subfield code="c">2011</subfield>
  </datafield>
  <datafield tag="300" ind1=" " ind2=" ">
   <subfield code="a">291tr.</subfield>
   <subfield code="c">24cm</subfield>
  </datafield>
  <datafield tag="520" ind1="3" ind2=" ">
   <subfield code="a">Khái quát chung luật Dân sự Việt Nam. Trình bày kiến thức pháp luật về quan hệ pháp luật dân sự, giao dịch dân sự, đại diện, thời hạn và thời hiệu, tài sản và quyền sở hữu, những quy định và nguyên tắc về thừa kế...</subfield>
  </datafield>
  <datafield tag="653" ind1=" " ind2=" ">
   <subfield code="a">Luật học</subfield>
  </datafield>
  <datafield tag="655" ind1=" " ind2="7">
   <subfield code="a">Giáo trình</subfield>
  </datafield>
  <datafield tag="700" ind1="1" ind2=" ">
   <subfield code="a">Nguyễn Thị Nga</subfield>
  </datafield>
  <datafield tag="700" ind1="1" ind2=" ">
   <subfield code="a">Nguyễn Bá Bình</subfield>
  </datafield>
  <datafield tag="700" ind1="1" ind2=" ">
   <subfield code="a">Vũ Thị Hồng Yến</subfield>
  </datafield>
  <datafield tag="942" ind1=" " ind2=" ">
   <subfield code="2">ddc</subfield>
   <subfield code="c">BK</subfield>
  </datafield>
  <datafield tag="952" ind1=" " ind2=" ">
   <subfield code="0">0</subfield>
   <subfield code="1">0</subfield>
   <subfield code="2">ddc</subfield>
   <subfield code="4">0</subfield>
   <subfield code="6">346_075000000000000_NGH300</subfield>
   <subfield code="7">0</subfield>
   <subfield code="9">3978</subfield>
   <subfield code="a">000001</subfield>
   <subfield code="b">000001</subfield>
   <subfield code="d">2017-11-22</subfield>
   <subfield code="l">2</subfield>
   <subfield code="o">346.075 Ngh300</subfield>
   <subfield code="p">MD.02800</subfield>
   <subfield code="r">2020-07-02</subfield>
   <subfield code="s">2020-06-11</subfield>
   <subfield code="v">44000.00</subfield>
   <subfield code="w">2017-11-22</subfield>
   <subfield code="y">BK</subfield>
  </datafield>
  <datafield tag="952" ind1=" " ind2=" ">
   <subfield code="0">0</subfield>
   <subfield code="1">0</subfield>
   <subfield code="2">ddc</subfield>
   <subfield code="4">0</subfield>
   <subfield code="6">346_075000000000000_NGH300</subfield>
   <subfield code="7">0</subfield>
   <subfield code="9">3979</subfield>
   <subfield code="a">000001</subfield>
   <subfield code="b">000001</subfield>
   <subfield code="d">2017-11-22</subfield>
   <subfield code="o">346.075 Ngh300</subfield>
   <subfield code="p">MD.02801</subfield>
   <subfield code="r">2017-11-22</subfield>
   <subfield code="v">44000.00</subfield>
   <subfield code="w">2017-11-22</subfield>
   <subfield code="y">BK</subfield>
  </datafield>
  <datafield tag="952" ind1=" " ind2=" ">
   <subfield code="0">0</subfield>
   <subfield code="1">0</subfield>
   <subfield code="2">ddc</subfield>
   <subfield code="4">0</subfield>
   <subfield code="6">346_075000000000000_NGH300</subfield>
   <subfield code="7">0</subfield>
   <subfield code="9">3980</subfield>
   <subfield code="a">000001</subfield>
   <subfield code="b">000001</subfield>
   <subfield code="d">2017-11-22</subfield>
   <subfield code="l">5</subfield>
   <subfield code="m">1</subfield>
   <subfield code="o">346.075 Ngh300</subfield>
   <subfield code="p">MD.02799</subfield>
   <subfield code="r">2021-05-21</subfield>
   <subfield code="s">2021-04-27</subfield>
   <subfield code="v">44000.00</subfield>
   <subfield code="w">2017-11-22</subfield>
   <subfield code="y">BK</subfield>
  </datafield>
  <datafield tag="952" ind1=" " ind2=" ">
   <subfield code="0">0</subfield>
   <subfield code="1">0</subfield>
   <subfield code="2">ddc</subfield>
   <subfield code="4">0</subfield>
   <subfield code="6">346_075000000000000_NGH300</subfield>
   <subfield code="7">0</subfield>
   <subfield code="9">3981</subfield>
   <subfield code="a">000001</subfield>
   <subfield code="b">000001</subfield>
   <subfield code="d">2017-11-22</subfield>
   <subfield code="o">346.075 Ngh300</subfield>
   <subfield code="p">MD.05669</subfield>
   <subfield code="r">2017-11-22</subfield>
   <subfield code="v">44000.00</subfield>
   <subfield code="w">2017-11-22</subfield>
   <subfield code="y">BK</subfield>
  </datafield>
  <datafield tag="952" ind1=" " ind2=" ">
   <subfield code="0">0</subfield>
   <subfield code="1">0</subfield>
   <subfield code="2">ddc</subfield>
   <subfield code="4">0</subfield>
   <subfield code="6">346_075000000000000_NGH300</subfield>
   <subfield code="7">0</subfield>
   <subfield code="9">3982</subfield>
   <subfield code="a">000001</subfield>
   <subfield code="b">000001</subfield>
   <subfield code="d">2017-11-22</subfield>
   <subfield code="o">346.075 Ngh300</subfield>
   <subfield code="p">MD.02803</subfield>
   <subfield code="r">2017-11-22</subfield>
   <subfield code="v">44000.00</subfield>
   <subfield code="w">2017-11-22</subfield>
   <subfield code="y">BK</subfield>
  </datafield>
  <datafield tag="952" ind1=" " ind2=" ">
   <subfield code="0">0</subfield>
   <subfield code="1">0</subfield>
   <subfield code="2">ddc</subfield>
   <subfield code="4">0</subfield>
   <subfield code="6">346_075000000000000_NGH300</subfield>
   <subfield code="7">0</subfield>
   <subfield code="9">3983</subfield>
   <subfield code="a">000001</subfield>
   <subfield code="b">000001</subfield>
   <subfield code="d">2017-11-22</subfield>
   <subfield code="o">346.075 Ngh300</subfield>
   <subfield code="p">MD.02804</subfield>
   <subfield code="r">2017-11-22</subfield>
   <subfield code="v">44000.00</subfield>
   <subfield code="w">2017-11-22</subfield>
   <subfield code="y">BK</subfield>
  </datafield>
  <datafield tag="952" ind1=" " ind2=" ">
   <subfield code="0">0</subfield>
   <subfield code="1">0</subfield>
   <subfield code="2">ddc</subfield>
   <subfield code="4">0</subfield>
   <subfield code="6">346_075000000000000_NGH300</subfield>
   <subfield code="7">0</subfield>
   <subfield code="9">3984</subfield>
   <subfield code="a">000001</subfield>
   <subfield code="b">000001</subfield>
   <subfield code="d">2017-11-22</subfield>
   <subfield code="l">1</subfield>
   <subfield code="o">346.075 Ngh300</subfield>
   <subfield code="p">MD.02805</subfield>
   <subfield code="r">2019-03-05</subfield>
   <subfield code="s">2019-02-22</subfield>
   <subfield code="v">44000.00</subfield>
   <subfield code="w">2017-11-22</subfield>
   <subfield code="y">BK</subfield>
  </datafield>
  <datafield tag="952" ind1=" " ind2=" ">
   <subfield code="0">0</subfield>
   <subfield code="1">0</subfield>
   <subfield code="2">ddc</subfield>
   <subfield code="4">0</subfield>
   <subfield code="6">346_075000000000000_NGH300</subfield>
   <subfield code="7">0</subfield>
   <subfield code="9">3985</subfield>
   <subfield code="a">000001</subfield>
   <subfield code="b">000001</subfield>
   <subfield code="d">2017-11-22</subfield>
   <subfield code="l">4</subfield>
   <subfield code="o">346.075 Ngh300</subfield>
   <subfield code="p">MD.02806</subfield>
   <subfield code="r">2020-06-24</subfield>
   <subfield code="s">2020-06-01</subfield>
   <subfield code="v">44000.00</subfield>
   <subfield code="w">2017-11-22</subfield>
   <subfield code="y">BK</subfield>
  </datafield>
  <datafield tag="952" ind1=" " ind2=" ">
   <subfield code="0">0</subfield>
   <subfield code="1">0</subfield>
   <subfield code="2">ddc</subfield>
   <subfield code="4">0</subfield>
   <subfield code="6">346_075000000000000_NGH300</subfield>
   <subfield code="7">0</subfield>
   <subfield code="9">3988</subfield>
   <subfield code="a">000001</subfield>
   <subfield code="b">000001</subfield>
   <subfield code="d">2017-11-22</subfield>
   <subfield code="l">1</subfield>
   <subfield code="o">346.075 Ngh300</subfield>
   <subfield code="p">MD.02802</subfield>
   <subfield code="r">2018-10-08</subfield>
   <subfield code="s">2018-10-06</subfield>
   <subfield code="v">44000.00</subfield>
   <subfield code="w">2017-11-22</subfield>
   <subfield code="y">BK</subfield>
  </datafield>
  <datafield tag="980" ind1=" " ind2=" ">
   <subfield code="a">Thư viện Trường Đại học Nam Cần Thơ</subfield>
  </datafield>
 </record>
</collection>
